K problematice hodnocení programů aktivní politiky zaměstnanosti. 2 Vyhodnocování programů přímého vytváření pracovních míst

Niektoré vyhodnotenia programov zamestnanosti. Program ABM v Nemecku.Obecný program (CP) vo V. Británii. Porovnanie ABM a CP. Dočasné núdzové pracovné miesta vo Švédsku. Vyhodnotenia môžu poskytnúť užitočné informácie pre prípravu budúcich aktívnych programov zamestnanosti.

Gespeichert in:
Bibliographische Detailangaben
1. Verfasser: Caruth, A.
Format: Buchkapitel
Sprache:Tschechisch
Schlagworte:
Tags: Tag hinzufügen
Keine Tags, Fügen Sie das erste Tag hinzu!

MARC

LEADER 00000naa a2200000 4500
001 r023722
005 20221205091023.9
041 0 |a cze 
044 |a CZ 
245 1 0 |a K problematice hodnocení programů aktivní politiky zaměstnanosti. 2  |b Vyhodnocování programů přímého vytváření pracovních míst  |c A. Caruth 
520 |a Niektoré vyhodnotenia programov zamestnanosti. Program ABM v Nemecku.Obecný program (CP) vo V. Británii. Porovnanie ABM a CP. Dočasné núdzové pracovné miesta vo Švédsku. Vyhodnotenia môžu poskytnúť užitočné informácie pre prípravu budúcich aktívnych programov zamestnanosti. 
610 2 0 |a zamestnanosť 
610 2 0 |a programy sociálne 
610 2 0 |a služby sociálne 
610 2 0 |a nezamestnanosť 
610 2 0 |a vzdelávanie 
610 2 0 |a miesta pracovné 
610 2 0 |a trh práce 
100 1 |a Caruth, A.